000
nam a22 7a 4500
999
_c
51165
_d
51165
003
OSt
005
20211202123001.0
008
211202b xxu||||| |||| 00| 0 eng d
040
_c
SEROSOFT
100
_a
MAHAJAN, V.D
245
_a
ANCIENT INDIA
260
_a
S.CHAND
_b
S.CHAND
300
_a
668
942
_2
ddc
_c
02